| 000 | 01931nam0a22004211 4500 | ||
|---|---|---|---|
| 001 | v19\rc\1762795 | ||
| 005 | 20250619120306.0 | ||
| 035 | _a(NLR Aleph) 004896625 | ||
| 090 |
_a5328603 _c5328603 |
||
| 100 | _a20061204e19031902|||y0rusy50 ca | ||
| 101 | 1 |
_arus _cger |
|
| 102 | _aRU | ||
| 105 | _aa j ||||| | ||
| 200 | 1 |
_aУчебник внутренних болезней _f(V. Mering, prof. in Halle a. S. Lehrbuch der innéren medizin. Jena. 1901) _gСост. при участии: проф. D. Gerhardt'а, F. Gumprecht'а, W. His'а [и др.] _gПер. с нем. и прим. прив.-доц. Имп. В.-М. акад. М.Б. Блюменау |
|
| 210 |
_aСанкт-Петербург _cжурн. "Практическая медицина" (В.С. Эттингер) _d1903 |
||
| 215 |
_aXIV, 1014 с., 207 ил. _d24 |
||
| 300 | _aПеред загл. авт.: dr. v. Mering, проф. Ун-та в Галле | ||
| 311 | _aОтт. из журн. "Практ. медицина". 1902, № 1-12 | ||
| 320 | _aБиблиогр.: "Литература" в конце отдел. гл. | ||
| 488 | 0 |
_12001#$aПрактическая медицина$v1902, № 1-12 _tПрактическая медицина |
|
| 532 | 1 | 3 | _aУчебник внутренних болезней |
| 700 | 1 |
_aМеринг _bЖ. _f1849-1907 _gЖозеф |
|
| 702 | 1 |
_aБлюменау _bМ.Б. _f1859- _gМакс Борисович _4730 _4212 |
|
| 702 | 1 |
_aГерхардт _bД. _4570 |
|
| 702 | 1 |
_aГумпрехт _bФ.А. _f1864-1941 _gФердинанд Адольф _4570 |
|
| 702 | 1 |
_aHis _bW. _4570 |
|
| 801 | 0 |
_aRU _bNLR _gpsbo |
|
| 801 | 0 |
_aRU _bRuMoRGB _2psbo |
|
| 801 | 1 |
_aRU _bProSoft-M _2rusmarc |
|
| 852 |
_aNLR _j38.64.4.14 |
||
| 852 |
_aNLR _j131/345 |
||
| 899 |
_aRuMoRGB _jW 216/237 |
||
| 899 |
_aRuMoRGB _jU 101/755 |
||
| 899 |
_aRuMoRGB _jV 483/724 |
||
| 899 | _aБАН | ||
| 942 | _cBOOK | ||
| 980 | _aNB | ||